| 000 | 01633cam a2200433 a 4500 | ||
|---|---|---|---|
| 001 | 22341 | ||
| 003 | VRT | ||
| 005 | 20260326143906.0 | ||
| 008 | 240314s2014 xo e 000 f slo | ||
| 015 | _aSNBA2014/02 | ||
| 020 |
_a9788055137094 _q(viaz.) |
||
| 035 | _a218C5B2F-2EFF-409A-BD94-4D907C924457 | ||
| 035 | _aurn:nbn:sk:snk-amjocc | ||
| 035 | _aurn:nbn:sk:snk-am000xa4 | ||
| 039 | 9 |
_a202403141041 _bVLOAD _c201604291058 _dVLOAD _c201604271439 _dVLOAD _c201508271520 _dVLOAD |
|
| 040 |
_aPPPK _bslo _cPPPK _dSNK _eAACR2 |
||
| 041 | 1 |
_aslo _heng |
|
| 044 |
_axo _cSK |
||
| 072 | 7 |
_a821.111(73)-3 _xAmerická próza _2konspekt |
|
| 080 |
_a821.111(73)-31 _22001 |
||
| 080 |
_a(0:82-993) _22001 |
||
| 100 | 1 |
_aBerlin, Eve _4aut |
|
| 240 | 1 | 0 |
_aTemptation's Edge _lSlovensky |
| 245 | 1 | 0 |
_aHrana pokušenia _cEve Berlinová ; [z anglického originálu ... preložil Peter Tkačenko] |
| 260 |
_aBratislava _bIkar _c2014 |
||
| 300 |
_a327 s. _c21 cm |
||
| 500 | _aTretí, záverečný diel BDSM trilógie. Prvý diel vyšiel pod názvom Hrana rozkoše, druhý má názov Hrana túžby. | ||
| 655 | 7 |
_aamerické romány _2SNKPH |
|
| 655 | 7 |
_aerotické romány _2SNKPH |
|
| 655 | 7 |
_aAmerican fiction _2SNKPHeng |
|
| 655 | 7 |
_aErotic novels _2SNKPHeng |
|
| 700 | 1 |
_aTkačenko, Peter _4trl |
|
| 942 |
_2ddc _cKLDO _n0 |
||
| 949 |
_617A1104062 _asnkSC 158057 _bsnk2014/3466 _o332/14 |
||
| 949 |
_617A1104063 _asnkSC 158057 D1 _bsnk2014/3467 _o332/14 _s6100:20140925 |
||
| 949 |
_62889212049 _asavukPV 19288 _bsavuk2014/2767 |
||
| 949 |
_6270001000439887 _asvkbbA 140625 _bsvkbbm 742213 |
||
| 949 |
_6273K0575772 _asvkpoA 221870 _bsvkpo574313 |
||
| 999 |
_c22341 _d22341 |
||